Homophones Quiz #2 - Statistics

General Stats
  • This quiz has been taken 258 times
  • The average score is 21 of 26
Answer Stats
Words Homophone % Correct
Deer Dear
100%
Flour Flower
99%
Tale Tail
97%
Coarse Course
96%
Great Grate
96%
Piece Peace
96%
Knows Nose
95%
Role Roll
94%
Lade Laid
91%
Mussel Muscle
91%
None Nun
91%
Waste Waist
91%
Idle Idol
88%
Ewe You
88%
Air Heir
87%
Band Banned
86%
Ode Owed
84%
Joule Jewel
83%
Yoke Yolk
80%
Quarts Quartz
78%
Hall Haul
77%
Vise Vice
68%
Use Ewes
54%
Source Sauce
44%
Zero Xero
27%
Xi Sigh
17%
No matching quizzes found
Score Distribution
Percent of People with Each Score
Percentile by Number Answered
Your Score History
You have not taken this quiz